00733nam a22001937a 4500999001900000005001700019010001500036020003400051035001400085037001300099082001500112245010800127260006000235270004800295300002000343700002000363942002900383952012700412 c190811d19081120220805120716.0 aENG-134301 a978-2-85539-221-9c1500.00.00 aEN-117833 bDBAD/PUB a294.509548 aThe Archaeology of Bhakti II: Royal Bhakti, Local Bhakti/cedited by Emanuel Francis & Charlotte Schmid aPondicherrybPondicherry Centre of the EFEO focusc2017 bPondicherrya 16 & 19, Dumas Streete605001 a609p.c22cm(hb) aEmanuel Francis 2ddccENh294.509548mARC 001040708NFICaBNbBNd2022-08-05eDBAD/PUBg1500.00l0o294.509548 ARCpEN-117833r2022-08-05 00:00:00t1v1500.00yEN